Tutti gli Stati che hanno controllato Tripoli - Statistics

Statistiche generali
  • Questo quiz è stato fatto 9 volte
    4 dall'ultimo reset
  • Il punteggio medio è 21 su 32
Statistiche sulle risposte
con Immagini Hint Risposta % Corretto
1943 - 1951 Alleati (UK)
100%
~700 a.C. - ~650 a.C. Civiltà Fenicia
100%
533 - 643 Impero Bizantino
100%
1911 - 1943 Impero Coloniale Italiano
100%
1551 - 1911 Impero Ottomano
100%
27 a.C. - 395 Impero Romano
100%
395 - 442 Impero Romano d'Occidente
100%
442 - 533 Regno dei Vandali
100%
539 a.C. - 480 a.C. Regno di Cartagine
100%
1951 - 1969 Regno di Libia
100%
480 a.C. - 104 a.C. Repubblica di Cartagine
100%
104 a.C. - 27 a.C. Repubblica Romana
100%
~600 a.C. - 539 a.C. Civiltà Fenicia
75%
909 - 970 Imamato Fatimide
75%
1135 - 1160 Regno di Sicilia
75%
1510 - 1530 Regno di Spagna
75%
757 - 773 Califfato Abbasside
50%
793 - 800 Califfato Abbasside
50%
1160 - 1229 Califfato Almohade
50%
661 - 745 Califfato Omayyade
50%
~650 a.C. - ~600 a.C. Regno di Cirenaica
50%
2011 - Oggi Stato della Libia
50%
1530 - 1551 Stato monastico dei Cavalieri di Malta
50%
1001 - 1135 Banu di Khazrun
25%
1489 - 1510 Banu di Thabit
25%
643 - 661 Califfato Rashidun
25%
800- 909 Emirato Aghlabide
25%
745 - 757 Emirato Fihiride
25%
773 - 793 Emirato Muhallabide
25%
970 - 1001 Emirato Ziride
25%
1969 - 2011 Repubblica Araba di Libia
25%
1229 - 1489 Sultanato Hafside
25%
Nessun quiz corrispondente trovato
Distribuzione punteggi
Percentuale di utenti per punteggio
Percentile per numero di risposta
I tuoi punteggi nel tempo
Non hai fatto questo quiz dall'ultimo reset